| 000 | 00379nam a22001337a 4500 | ||
|---|---|---|---|
| 003 | OSt | ||
| 005 | 20170518095712.0 | ||
| 008 | 151109b xxu||||| |||| 00| 0 eng d | ||
| 040 | _cAACR2 | ||
| 245 |
_aMyles Textbook for Midwives _cedited by Diane M. Fraser |
||
| 260 |
_aLondon : _bChurchHill Livingstone Elsevier, _c2009 |
||
| 300 | _axiv,1122p. | ||
| 942 |
_2lcc _cSHORTLOAN _e15th ed. |
||
| 999 |
_c15700 _d15700 |
||